000 00317nam a2200133Ia 4500
005 20251222143115.0
008 251222s9999||||xx |||||||||||||| ||spa||
020 _a84-7880-137-5
082 _a324.217/C38
100 _aCavero, José
245 0 _aEl PSOE Contra la Prensa:
264 _bTemas de hoy
942 _cLIB
999 _c11324
_d11324